000 00484nam a2200181Ia 4500
005 20250326124647.0
008 250326s9999 xx 000 0 und d
037 _aTextbook
040 _aFMSL
_beng
_cFMSL
041 _aeng
_2eng
084 _aX:8(S:682) L1
_qFMSL
100 _aWise A
_9737733
245 0 _aTalking for management
_cWise A; Wise N
260 _aNY
_bNY, Pitman
_c1971
300 _a118p
942 _cTB
_hX:8(S:682) L1
999 _c1274619
_d1274619